Normal view
MARC view
- Schugart,Gary L / Benjamin,James J /Francia,Arthur J / Strawser,Robert H
Entry Personal Name
001 - CONTROL NUMBER
- control field: 3341
003 - CONTROL NUMBER IDENTIFIER
- control field: JO-AjAnu
005 - DATE AND TIME OF LATEST TRANSACTION
- control field: 20230606070842.0
008 - FIXED-LENGTH DATA ELEMENTS
- fixed length control field: 230606|| aca||aabn | a|a d
040 ## - CATALOGING SOURCE
- Original cataloging agency: JO-AjAnu
- Transcribing agency: JO-AjAnu
100 ## - HEADING--PERSONAL NAME
- Personal name: Schugart,Gary L / Benjamin,James J /Francia,Arthur J / Strawser,Robert H
670 ## - SOURCE DATA FOUND
- Source citation: Work cat.: (JO-AjAnu)1746: Schugart,Gary L / Benjamin,James J /Francia,Arthur J / Strawser,Robert H, author, Survey of Financial Accounting